Kinh tế học

Na minha lista:
Detalhes bibliográficos
Autor principal: Samuelson, Paul A.
Formato: Livro
Idioma:Undetermined
Publicado em: Hà Nội Viện quan hệ quốc tế 1989
Tags: Adicionar Tag
Sem tags, seja o primeiro a adicionar uma tag!
Thư viện lưu trữ: Trung tâm Học liệu Trường Đại học Cần Thơ
LEADER 00617nam a2200205Ia 4500
001 CTU_224008
008 210402s9999 xx 000 0 und d
082 |a 330 
082 |b S193/T.2 
100 |a Samuelson, Paul A. 
245 0 |a Kinh tế học 
245 0 |c Paul A.Samuelson, William D. Nordhaus 
260 |a Hà Nội 
260 |b Viện quan hệ quốc tế 
260 |c 1989 
526 |a Lịch sử các học thuyết kinh tế 
526 |b KT725 
904 |i Nguyễn Quang Điền, 961012 
910 |b dqhieu 
980 |a Trung tâm Học liệu Trường Đại học Cần Thơ